📖✒ "Page d'écriture" Prévert - Statistiques

Statistiques générales
  • Ce quiz a Ă©tĂ© pris 41 fois
  • Le rĂ©sultat moyen est 139 sur 244
Statistiques - réponses
Mots % Correct
l'
92%
la
92%
le
92%
a
88%
Ă 
88%
s'
88%
de
85%
pas
81%
son
81%
en
77%
les
77%
qu'
77%
qui
77%
ils
73%
Ils
73%
un
73%
une
73%
ce
69%
et
69%
Et
69%
Mais
69%
est-
65%
ne
65%
vont.
65%
vont
65%
dans
62%
leur
62%
ni
62%
Quand
62%
sa
62%
avec
58%
font
58%
font ?
58%
tous
58%
vous
58%
Alors
54%
Deux
54%
deux
54%
enfant
54%
lui...
54%
moi
54%
rien
54%
autres
50%
huit
50%
maître
50%
quatre
50%
quatre...
50%
Quatre
50%
seize...
50%
seize.
50%
seize
50%
dit
46%
eau
46%
enfants
46%
faire
46%
tour
46%
toute
46%
trente-
46%
joue
42%
oiseau-
42%
oiseau !
42%
oiseau
42%
oiseau.
42%
professeur
42%
voilĂ 
42%
appelle :
38%
ciel
38%
crie :
38%
façon
38%
lyre
38%
voit
38%
aurez
35%
classe
35%
fini
35%
passe
35%
pitre !
35%
chante
31%
pupitre
31%
Répétez !
31%
surtout
31%
descend
27%
caché
23%
chanson
23%
craie
23%
également.
23%
encre
23%
plume
23%
camp
19%
fichent
19%
musique
19%
écoutent
15%
entendent
15%
murs
15%
porte-
15%
redeviennent
15%
redevient
15%
arbres
12%
falaise
12%
sable
12%
Sauve-
12%
écroulent
8%
pupitres
8%
tranquillement.
8%
vitres
8%
Aucun quiz correspondant
Distribution des résultats
% des personnes avec chaque résultat
Percentile par nombre de réponses
Votre historique - résultats
Vous n’avez pas pris ce quiz